书目信息 |
| 题名: |
水力学
|
|
| 作者: | ;天津大学水力学教研室 编 | |
| 分册: | ||
| 出版信息: | 北京 人民教育出版社 1980 |
|
| 页数: | 2册 | |
| 开本: | 21cm | |
| 丛书名: | ||
| 单 册: | ||
| 中图分类: | TV13 | |
| 科图分类: | ||
| 主题词: | 水力学--高等学校--教材 , 水力学 , 热工水力学 | |
| 电子资源: | ||
| ISBN: | ||
| 000 | 00700nam0 2200265 45 980 | |
| 001 | 0662271991 | |
| 005 | 20060802171825.29 | |
| 010 | @dCNY1.60 | |
| 091 | @a15012.0235 | |
| 100 | @a19980420 g 0 | |
| 101 | 0 | @achi |
| 102 | @aCN@b110000 | |
| 105 | @ay j 000yy | |
| 106 | @ar | |
| 200 | 10 | @a水力学@Ashui li xue@f天津大学水力学教研室编 |
| 210 | @a北京@c人民教育出版社@d1980 | |
| 215 | @a2册@d21cm | |
| 300 | @a高等学校试用教材 | |
| 606 | @a水力学@x高等学校@x教材 | |
| 606 | 0 | @a水力学 |
| 606 | 0 | @a热工水力学 |
| 690 | @aTV13@v3 | |
| 711 | 02 | @a天津大学水力学教研室@4编@Atian jin da xue shui li xue jiao yan shi |
| 801 | 0 | @aCN@b上海图书馆 @c20060802 |
| 905 | @a10447@dTV13@e24:1 | |
| 水力学/天津大学水力学教研室编 .-北京:人民教育出版社,1980 |
| 2册;21cm |
| 高等学校试用教材 |
| ISBN :CNY1.60 |
| ● |
| 相关链接 |
|
|
|
|
正题名:水力学
索取号:TV13/24:1
 
预约/预借
| 序号 | 登录号 | 条形码 | 馆藏地/架位号 | 状态 | 备注 |
| 1 | 0439574 | 204395742 | 密集书库/ [索取号:TV13/24:1] | 在馆 | |
| 2 | 0439575 | 204395751 | 密集书库/ [索取号:TV13/24:1] | 在馆 |